|
|
|
|
| LEADER |
00840nam a2200229 a 4500 |
| 001 |
GR-MES5315 |
| 008 |
991111s1995 nyu 000 b eng d |
| 020 |
|
|
|a 0521556686
|
| 040 |
|
|
|a GrPaTEI
|b gre
|c GR-PaULI
|
| 245 |
0 |
0 |
|a New dimensions in regional integration.
|
| 260 |
|
|
|a New York :
|b Cambridge University,
|c 1995
|
| 300 |
|
|
|a 473σελ. :
|b πιν.
|
| 650 |
|
4 |
|a ΔΙΕΘΝΗΣ ΟΙΚΟΝΟΜΙΑ
|
| 650 |
|
4 |
|a Οικονομία
|
| 650 |
|
4 |
|a Οικονομική
|
| 700 |
1 |
|
|a De Melo, J.
|
| 700 |
1 |
|
|a Panagariya, A.
|
| 710 |
2 |
|
|a University of Cambridge.
|
| 942 |
|
|
|2 ddc
|
| 952 |
|
|
|0 0
|1 0
|2 ddc
|4 0
|6 337_100000000000000_MEL
|7 0
|9 275891
|a MSLG
|b MSLG
|c BSC
|d 2021-01-17
|e 24
|f 0
|g 0.00
|l 0
|o 337.1 MEL
|p 2420000015566
|r 2021-01-17 00:00:00
|t 1
|w 2021-01-17
|y BK15
|x 19991111 0 1
|x GrPaTEI
|
| 971 |
|
|
|a .b25837825
|b 16-04-20
|c 14-09-16
|
| 999 |
|
|
|c 159932
|d 159932
|